Gene Biotechnology (Record no. 373489)

MARC details
000 -LEADER
fixed length control field 00394nam a22001697a 4500
020 ## - INTERNATIONAL STANDARD BOOK NUMBER
International Standard Book Number 9780849312885
082 ## - DEWEY DECIMAL CLASSIFICATION NUMBER
Classification number 572.86 072
Item number WU
100 ## - MAIN ENTRY--PERSONAL NAME
Personal name Wu, William [et.al...]
245 ## - TITLE STATEMENT
Title Gene Biotechnology
250 ## - EDITION STATEMENT
Edition statement 2nd
260 ## - PUBLICATION, DISTRIBUTION, ETC. (IMPRINT)
Place of publication, distribution, etc. New York
Name of publisher, distributor, etc. CRC Press
Date of publication, distribution, etc. 2004
300 ## - PHYSICAL DESCRIPTION
Extent 523p;
700 ## - ADDED ENTRY--PERSONAL NAME
Personal name Welsh, Michael J
700 ## - ADDED ENTRY--PERSONAL NAME
Personal name Kaufman, Peter B
700 ## - ADDED ENTRY--PERSONAL NAME
Personal name Zhang, Helen H
942 ## - ADDED ENTRY ELEMENTS (KOHA)
Koha item type Reference Book
Holdings
Withdrawn status Lost status Damaged status Not for loan Collection code Home library Current library Shelving location Date acquired Total Checkouts Full call number Barcode Date last seen Price effective from Koha item type
      Not For Loan Reference Book College of Agriculture, Vellayani College of Agriculture, Vellayani Reference 16/11/2024   572.860 72 WU KAU_COAV-26512 16/11/2024 16/11/2024 Reference Book
Kerala Agricultural University Central Library
Thrissur-(Dt.), Kerala Pin:- 680656, India
Ph : (+91)(487) 2372219
E-mail: librarian@kau.in
Website: http://library.kau.in/